<?xml version="1.0" encoding="UTF-8"?>
<record
    xmlns:xsi="http://www.w3.org/2001/XMLSchema-instance"
    xsi:schemaLocation="http://www.loc.gov/MARC21/slim http://www.loc.gov/standards/marcxml/schema/MARC21slim.xsd"
    xmlns="http://www.loc.gov/MARC21/slim">

  <leader>02775njm a2200469Ia 4500</leader>
  <controlfield tag="001">73168</controlfield>
  <controlfield tag="003">IT-RoPAU</controlfield>
  <controlfield tag="005">20220918181215.0</controlfield>
  <controlfield tag="008">131025s9999    xx            000 0 und d</controlfield>
  <datafield tag="040" ind1=" " ind2=" ">
    <subfield code="a">IT-RoPAU</subfield>
  </datafield>
  <datafield tag="040" ind1=" " ind2=" ">
    <subfield code="c">IT-RoPAU</subfield>
  </datafield>
  <datafield tag="041" ind1=" " ind2=" ">
    <subfield code="a">POLACCO</subfield>
  </datafield>
  <datafield tag="999" ind1=" " ind2=" ">
    <subfield code="c">103868</subfield>
    <subfield code="d">103868</subfield>
  </datafield>
  <datafield tag="999" ind1=" " ind2=" ">
    <subfield code="b">n.d.</subfield>
  </datafield>
  <datafield tag="100" ind1=" " ind2=" ">
    <subfield code="a">AA.VV.</subfield>
    <subfield code="9">794</subfield>
  </datafield>
  <datafield tag="100" ind1=" " ind2=" ">
    <subfield code="e">Autore musica</subfield>
    <subfield code="9">24703</subfield>
  </datafield>
  <datafield tag="100" ind1=" " ind2=" ">
    <subfield code="g">Codice autore musica SPICS: 12000</subfield>
    <subfield code="9">796</subfield>
  </datafield>
  <datafield tag="245" ind1=" " ind2=" ">
    <subfield code="a">Jestes Moja Miloscia (Lp Plp 0021)</subfield>
  </datafield>
  <datafield tag="250" ind1=" " ind2=" ">
    <subfield code="a">1a ed.</subfield>
  </datafield>
  <datafield tag="260" ind1=" " ind2=" ">
    <subfield code="a">POLONIA</subfield>
  </datafield>
  <datafield tag="260" ind1=" " ind2=" ">
    <subfield code="b">PRONIT</subfield>
    <subfield code="c">1984 [1a Ed.:1984 - Ed. Lingua Orig.: 1984]</subfield>
  </datafield>
  <datafield tag="300" ind1=" " ind2=" ">
    <subfield code="a">DISCO</subfield>
  </datafield>
  <datafield tag="300" ind1=" " ind2=" ">
    <subfield code="c">41 minuti (Testo: 0 pag.)</subfield>
  </datafield>
  <datafield tag="500" ind1=" " ind2=" ">
    <subfield code="a">Musica leggera polacca. Canzone polacca.</subfield>
  </datafield>
  <datafield tag="505" ind1=" " ind2=" ">
    <subfield code="a">Jestes Moja Miloscia (5:00) - Kochaj Mnie Taka Jaka Jestem (4:00) - Tancz Dziewczyno (3:00) - A Moze Jednak Pamietasz (4:00) - Zakwitlam Roza (5:00) - Wolam Cie (3:00) - Nasza Milosc (4:00) - Nie Zaluj (5:00) - Taki Maly Ptak (3:00) - Feralna Dziewczyna (3:00) - Piesn Rosyjska (4:00)</subfield>
  </datafield>
  <datafield tag="511" ind1=" " ind2=" ">
    <subfield code="a">Rachon S.</subfield>
  </datafield>
  <datafield tag="650" ind1=" " ind2=" ">
    <subfield code="a">CANZONE POLACCA [DISCHI]</subfield>
    <subfield code="e">Codice MATERIA SPICS: 9950</subfield>
    <subfield code="9">24704</subfield>
  </datafield>
  <datafield tag="700" ind1=" " ind2=" ">
    <subfield code="a">German Anna</subfield>
    <subfield code="g">Codice interprete SPICS: 25422</subfield>
    <subfield code="9">24705</subfield>
    <subfield code="e">interprete </subfield>
  </datafield>
  <datafield tag="700" ind1=" " ind2=" ">
    <subfield code="a">Abratowski J.</subfield>
    <subfield code="g">Codice autore musica SPICS: 25421</subfield>
    <subfield code="e">Autore musica</subfield>
    <subfield code="p">Jestes Moja Miloscia</subfield>
    <subfield code="9">24706</subfield>
  </datafield>
  <datafield tag="700" ind1=" " ind2=" ">
    <subfield code="a">Tylczynski A.</subfield>
    <subfield code="g">Codice autore testo/musica SPICS: 25163</subfield>
    <subfield code="e">Autore testo/musica</subfield>
    <subfield code="p">Jestes Moja Miloscia</subfield>
    <subfield code="9">24707</subfield>
  </datafield>
  <datafield tag="700" ind1=" " ind2=" ">
    <subfield code="a">German Anna</subfield>
    <subfield code="g">Codice autore musica SPICS: 25422</subfield>
    <subfield code="e">Autore musica</subfield>
    <subfield code="p">Kochaj Mnie Taka Jaka Jestem - Tancz Dziewczyno - Wolam Cie - Nasza Milosc - Nie Zaluj - Taki Maly Ptak - Feralna Dziewczyna</subfield>
    <subfield code="9">24708</subfield>
  </datafield>
  <datafield tag="700" ind1=" " ind2=" ">
    <subfield code="a">Miller J.</subfield>
    <subfield code="g">Codice autore testo/musica SPICS: 25498</subfield>
    <subfield code="e">Autore testo/musica</subfield>
    <subfield code="p">Kochaj Mnie Taka Jaka Jestem - Zakwitlam Roza</subfield>
    <subfield code="9">24709</subfield>
  </datafield>
  <datafield tag="700" ind1=" " ind2=" ">
    <subfield code="a">Slowinski A.</subfield>
    <subfield code="g">Codice autore musica SPICS: 25423</subfield>
    <subfield code="e">Autore musica</subfield>
    <subfield code="p">A Moze Jednak Pamietasz</subfield>
    <subfield code="9">24710</subfield>
  </datafield>
  <datafield tag="700" ind1=" " ind2=" ">
    <subfield code="a">Sulkowski J.</subfield>
    <subfield code="g">Codice autore testo/musica SPICS: 25516</subfield>
    <subfield code="e">Autore testo/musica</subfield>
    <subfield code="p">A Moze Jednak Pamietasz</subfield>
    <subfield code="9">24711</subfield>
  </datafield>
  <datafield tag="700" ind1=" " ind2=" ">
    <subfield code="a">Gartner K.</subfield>
    <subfield code="g">Codice autore musica SPICS: 25424</subfield>
    <subfield code="e">Autore musica</subfield>
    <subfield code="p">Zakwitlam Roza</subfield>
    <subfield code="9">24712</subfield>
  </datafield>
  <datafield tag="700" ind1=" " ind2=" ">
    <subfield code="a">Jozefowicz Z.</subfield>
    <subfield code="g">Codice autore SPICS: 25484</subfield>
    <subfield code="e">Autore</subfield>
    <subfield code="p">Wolam Cie - Nasza Milosc</subfield>
    <subfield code="9">24713</subfield>
  </datafield>
  <datafield tag="700" ind1=" " ind2=" ">
    <subfield code="a">Czabak</subfield>
    <subfield code="g">Codice autore testo/musica SPICS: 25517</subfield>
    <subfield code="e">Autore testo/musica</subfield>
    <subfield code="p">Wolam Cie - Nasza Milosc</subfield>
    <subfield code="9">24714</subfield>
  </datafield>
  <datafield tag="700" ind1=" " ind2=" ">
    <subfield code="a">Sadowski R.</subfield>
    <subfield code="g">Codice autore testo/musica SPICS: 25403</subfield>
    <subfield code="e">Autore testo/musica</subfield>
    <subfield code="p">Nie Zaluj</subfield>
    <subfield code="9">24715</subfield>
  </datafield>
  <datafield tag="700" ind1=" " ind2=" ">
    <subfield code="a">Ficowski J.</subfield>
    <subfield code="g">Codice autore testo/musica SPICS: 25518</subfield>
    <subfield code="e">Autore testo/musica</subfield>
    <subfield code="p">Taki Maly Ptak - Feralna Dziewczyna</subfield>
    <subfield code="9">24716</subfield>
  </datafield>
  <datafield tag="700" ind1=" " ind2=" ">
    <subfield code="a">Kulikow E.</subfield>
    <subfield code="g">Codice autore musica SPICS: 25425</subfield>
    <subfield code="e">Autore musica</subfield>
    <subfield code="p">Piesn Rosyjska</subfield>
    <subfield code="9">24717</subfield>
  </datafield>
  <datafield tag="700" ind1=" " ind2=" ">
    <subfield code="a">Riabini M.</subfield>
    <subfield code="g">Codice autore testo/musica SPICS: 25519</subfield>
    <subfield code="e">Autore testo/musica</subfield>
    <subfield code="p">Piesn Rosyjska</subfield>
    <subfield code="9">24718</subfield>
  </datafield>
  <datafield tag="942" ind1=" " ind2=" ">
    <subfield code="c">MD</subfield>
    <subfield code="2">ddc</subfield>
  </datafield>
  <datafield tag="952" ind1=" " ind2=" ">
    <subfield code="0">0</subfield>
    <subfield code="1">0</subfield>
    <subfield code="4">0</subfield>
    <subfield code="6">73168_000000000000000</subfield>
    <subfield code="7">1</subfield>
    <subfield code="a">SPICS</subfield>
    <subfield code="b">SPICS</subfield>
    <subfield code="d">2013-10-25</subfield>
    <subfield code="l">0</subfield>
    <subfield code="o">73168</subfield>
    <subfield code="r">2013-10-25 00:00:00</subfield>
    <subfield code="w">2013-10-25</subfield>
    <subfield code="y">MD</subfield>
    <subfield code="z">Progr. Ins.: 17502 / N.Vol.: 1 / Copie: 1 - Copia rara: n.d. / date import: 01.01.2014 - By Epidotti, Trombetti, Vaglietti</subfield>
  </datafield>
</record>
